[Event "Elit(Stockholms SS-Wasa)"]
[Site "?"]
[Date "2019.03.10"]
[Round "5"]
[White "Seo, Jung Min"]
[Black "Sagit, Rauan"]
[Result "1/2-1/2"]
[WhiteElo "2372"]
[BlackElo "2435"]
[PlyCount "96"]
1. d4 Nf6 2. c4 c5 3. e3 g6 4. Nc3 Bg7 5. d5 O-O 6. Nf3 d6 7. Bd3 Nbd7 8. e4 a6
9. a4 Ng4 10. Be2 Nge5 11. Nxe5 Nxe5 12. f4 Nd7 13. O-O Rb8 14. Qd3 Nf6 15. h3
Ne8 16. a5 b5 17. axb6 Rxb6 18. Bf3 Bd4+ 19. Kh2 Ng7 20. Rb1 f5 21. Ne2 Bf6 22.
b3 Bd7 23. g4 e5 24. dxe6 fxe4 25. Bxe4 Bxe6 26. Bd2 Rb8 27. Nc3 Bd4 28. Nd5
Kh8 29. Rf3 Bg8 30. Rbf1 Ne6 31. Ne3 Rxf4 32. Rxf4 Nxf4 33. Qc2 Be5 34. Bc3
Ne6+ 35. Bxe5+ dxe5 36. Bd5 Qg5 37. Bxe6 Qxe3 38. Bxg8 Kxg8 39. Qd1 Qd4 40. Qf3
Qf4+ 41. Qxf4 exf4 42. Rxf4 Rxb3 43. Rf6 Rc3 44. Rxa6 Rxc4 45. Rc6 Rc3 46. Rc8+
Kg7 47. Rc7+ Kg8 48. Rc8+ Kg7 1/2-1/2

[Event "Elit(Stockholms SS-Wasa)"]
[Site "?"]
[Date "2019.03.10"]
[Round "5"]
[White "Lindberg, Bo"]
[Black "Olund, Joar"]
[Result "1/2-1/2"]
[WhiteElo "2388"]
[BlackElo "2353"]
[PlyCount "55"]
[EventDate "2019.??.??"]
1. d4 Nf6 2. Bg5 d5 3. e3 c6 4. Bxf6 exf6 5. c4 Be6 6. cxd5 Bxd5 7. Nc3 Be6 8.
Nge2 Bd6 9. g3 Nd7 10. Nf4 Bxf4 11. gxf4 f5 12. d5 cxd5 13. Qd4 O-O 14. Bg2 Nf6
15. O-O Qd7 16. Rfd1 Rfd8 17. Rd3 Ne4 18. Rad1 Nxc3 19. Rxc3 b6 20. Rcd3 Rac8
21. Bxd5 Qxd5 22. Qxd5 Rxd5 23. Rxd5 Bxd5 24. Rxd5 g6 25. Rd7 Rc2 26. Rxa7 Rxb2
27. a4 b5 28. axb5 1/2-1/2

[Event "Elit(Stockholms SS-Wasa)"]
[Site "?"]
[Date "2019.03.10"]
[Round "5"]
[White "Bellon Lopez, Juan"]
[Black "Thorn, Eric"]
[Result "1-0"]
[WhiteElo "2332"]
[BlackElo "2271"]
[PlyCount "93"]
[SourceDate "2019.04.03"]
1. d4 Nf6 2. Bg5 d5 3. e3 c5 4. c3 e6 5. Nd2 Nc6 6. Ngf3 Bd7 7. Ne5 Qc7 8. f4
h6 9. Bh4 Be7 10. Bd3 cxd4 11. cxd4 Nb4 12. Bb1 Rc8 13. Bxf6 gxf6 14. Nxd7 Kxd7
15. O-O Nc2 16. Bxc2 Qxc2 17. Rc1 Qxd1 18. Rfxd1 Rc6 19. Rxc6 bxc6 20. Rc1 Rb8
21. Rc2 Rb5 22. Kf2 Bd6 23. g3 e5 24. Nf3 e4 25. Nh4 Ke6 26. g4 c5 27. Nf5 h5
28. Nxd6 Kxd6 29. dxc5+ Kc6 30. gxh5 f5 31. Kg3 Rb8 32. Kh4 d4 33. exd4 Kd5 34.
c6 Kxd4 35. c7 Rc8 36. h6 Kd3 37. Rc5 f6 38. Rc6 e3 39. h7 e2 40. Re6 Kd2 41.
Kh5 e1=Q 42. Rxe1 Kxe1 43. Kg6 Kd2 44. Kxf6 Ke3 45. Kxf5 Kd4 46. Ke6 Rh8 47.
Kd6 1-0

[Event "Elit(Stockholms SS-Wasa)"]
[Site "?"]
[Date "2019.03.10"]
[Round "5"]
[White "Cederstam Barsk, Carl"]
[Black "Moreau, Teodor"]
[Result "1-0"]
[WhiteElo "2324"]
[BlackElo "2322"]
[PlyCount "129"]
1. Nf3 Nf6 2. c4 e6 3. Nc3 Bb4 4. Qc2 c5 5. a3 Bxc3 6. Qxc3 d6 7. g3 b6 8. Bg2
Bb7 9. O-O O-O 10. b4 Nbd7 11. Bb2 Rc8 12. d3 Qc7 13. b5 Rfe8 14. e3 a6 15. a4
Ra8 16. Rfe1 Ra7 17. e4 axb5 18. axb5 Rxa1 19. Rxa1 Ra8 20. Ne1 Rxa1 21. Bxa1
Qb8 22. Nc2 Qa8 23. Ne3 Qa2 24. Qb2 Qxb2 25. Bxb2 Ne5 26. Bf1 Nf3+ 27. Kg2 Nd4
28. f4 Kf8 29. g4 Ke7 30. Kg3 Nd7 31. h4 h6 32. g5 hxg5 33. fxg5 g6 34. Bxd4
cxd4 35. Nc2 e5 36. Bh3 f6 37. Bxd7 Kxd7 38. h5 gxh5 39. g6 Ke7 40. Nb4 f5 41.
exf5 Kf6 42. Kh4 e4 43. Kxh5 exd3 44. Nxd3 Be4 45. Nf4 d3 46. Kh6 Bxf5 47. g7
Kf7 48. Nd5 d2 49. Nf6 d1=Q 50. g8=Q+ Kxf6 51. Qg5+ Ke6 52. Qg8+ Ke5 53. Qg3+
Ke4 54. Qh4+ Qg4 55. Qe1+ Kd4 56. Qd2+ Kxc4 57. Qb4+ Kd3 58. Qxd6+ Kc4 59. Qb4+
Kd3 60. Qd2+ Kc4 61. Qb4+ Kd3 62. Qd2+ Ke4 63. Qd4+ Kf3 64. Qf2+ Ke4 65. Qd4+
1-0

[Event "Elit(Rockaden,Sthlm-Rockaden,Umea)"]
[Site "?"]
[Date "2019.03.10"]
[Round "5"]
[White "Nygren, David"]
[Black "Hammer, Jon Ludvig"]
[Result "1-0"]
[WhiteElo "2273"]
[BlackElo "2652"]
[PlyCount "80"]
[SourceDate "2019.03.12"]
1. e4 c5 2. c3 Nf6 3. e5 Nd5 4. d4 cxd4 5. Nf3 d6 6. cxd4 Nc6 7. a3 dxe5 8.
dxe5 Bg4 9. Nbd2 Qa5 10. h3 Bxf3 11. Qxf3 Nc7 12. Be2 Ne6 13. O-O Ned4 14. Qd3
Qxe5 15. Bf3 Rd8 16. Be4 e6 17. Nc4 Qh5 18. g4 Qb5 19. b4 Ne5 20. Nxe5 Ne2+ 21.
Qxe2 Qxe2 22. Be3 Qb5 23. Nf3 Bd6 24. Bg5 Be7 25. Bd2 f5 26. gxf5 exf5 27. a4
Qd7 28. Bc2 Qc6 29. Bd1 O-O 30. Bb3+ Kh8 31. Ne5 Qc7 32. Bf4 Qc3 33. Be6 Qxb4
34. Be3 f4 35. Bxa7 Qa5 36. Nf7+ Rxf7 37. Bxf7 Qxa7 38. Rae1 Qa5 39. Re6 f3 40.
Re4 Qf5 1-0

[Event "Elit(Rockaden,Sthlm-Rockaden,Umea)"]
[Site "?"]
[Date "2019.03.10"]
[Round "5"]
[White "Barkhagen, Jonas"]
[Black "Malmstig, Erik"]
[Result "1-0"]
[WhiteElo "2429"]
[BlackElo "2301"]
[PlyCount "105"]
1. d4 Nf6 2. c4 c5 3. d5 b5 4. cxb5 a6 5. bxa6 g6 6. Nc3 Bxa6 7. e4 Bxf1 8.
Kxf1 d6 9. g3 Bg7 10. Kg2 O-O 11. Nf3 Qb6 12. Re1 Na6 13. Rb1 Ng4 14. Bf4 Nb4
15. h3 Nf6 16. a3 Na6 17. Nd2 Nc7 18. Nc4 Qb7 19. b4 Nh5 20. Bd2 cxb4 21. Rxb4
Qa6 22. Qb3 Rae8 23. Rb1 Qc8 24. Nb6 Qd8 25. Qc4 e6 26. Ra4 Re7 27. Qc6 f5 28.
Bg5 f4 29. dxe6 Nxe6 30. Ra8 Nxg5 31. Rxd8 Rxd8 32. Nbd5 Rf7 33. Rb7 f3+ 34.
Kh2 Be5 35. Rxf7 Nxf7 36. Qb6 Kg7 37. Qe3 Rf8 38. Qxf3 Ng5 39. Qe3 Nf3+ 40. Kg2
Nd4 41. Qd3 Rb8 42. Nb4 Rc8 43. Ncd5 Ne6 44. a4 Nc5 45. Qc4 Re8 46. a5 Ba1 47.
a6 Nxe4 48. Nc7 Re5 49. a7 Nd2 50. Qa2 Bc3 51. a8=Q Nxg3 52. Q2g8+ Kh6 53.
Qaf8+ 1-0

[Event "Elit(Rockaden,Sthlm-Rockaden,Umea)"]
[Site "?"]
[Date "2019.03.10"]
[Round "5"]
[White "Lindgren, Fredrik"]
[Black "Neiksans, Arturs"]
[Result "0-1"]
[WhiteElo "2275"]
[BlackElo "2552"]
[PlyCount "138"]
1. d4 f5 2. g3 Nf6 3. Bg2 g6 4. c4 Bg7 5. Nc3 O-O 6. Nh3 d6 7. d5 Nbd7 8. O-O
Nc5 9. Be3 e5 10. dxe6 Nxe6 11. Ng5 c6 12. Nxe6 Bxe6 13. c5 Ng4 14. Bd4 dxc5
15. Bxc5 Re8 16. h3 Qa5 17. hxg4 Qxc5 18. gxf5 Qxf5 19. Qa4 a5 20. Rad1 Re7 21.
Qa3 Bf8 22. b3 Qe5 23. Qc1 Bg7 24. Rd3 Rf8 25. Re3 Qc7 26. Rf3 Rd8 27. Rd1
Rxd1+ 28. Nxd1 Bf7 29. Ne3 Qd7 30. Qc2 Qe8 31. Bf1 Rd7 32. Ng4 Qd8 33. Kh2 Rd2
34. Rd3 Qxd3 35. Qxd3 Rxd3 36. exd3 a4 37. bxa4 Bxa2 38. Bg2 Bc3 39. a5 Bxa5
40. Nf6+ Kh8 41. d4 Bc3 42. d5 Bxf6 43. dxc6 bxc6 44. Bxc6 Kg7 45. f4 Be6 46.
Bf3 h5 47. Kg2 Kf7 48. Be4 Bf5 49. Bd5+ Ke7 50. Kf3 Kd6 51. Bf7 Kc5 52. Ke3 Bb2
53. Be8 Bc1+ 54. Kf3 Kd4 55. Bc6 Kd3 56. Bb5+ Kd2 57. Kf2 Be4 58. Bc4 Ba3 59.
Kg1 Ke3 60. Kh2 Kf2 61. Be6 Bf5 62. Bd5 Bd6 63. Bc6 h4 64. gxh4 Bxf4+ 65. Kh1
Bg4 66. Be4 Bf3+ 67. Bxf3 Kxf3 68. h5 g5 69. h6 Be5 0-1

[Event "Elit(Stockholms SS-Vasteras)"]
[Site "?"]
[Date "2019.03.09"]
[Round "6"]
[White "Ertan, Can"]
[Black "Pantzar, Milton"]
[Result "1/2-1/2"]
[WhiteElo "2421"]
[BlackElo "2331"]
[PlyCount "151"]
[EventDate "2019.??.??"]
1. e4 e5 2. Nf3 Nc6 3. Bb5 a6 4. Ba4 Nf6 5. O-O Be7 6. Re1 b5 7. Bb3 d6 8. c3
O-O 9. d4 Bg4 10. Be3 exd4 11. cxd4 Na5 12. Bc2 Nc4 13. Bc1 c5 14. b3 Nb6 15.
Nbd2 cxd4 16. h3 Bh5 17. g4 d3 18. Bxd3 Bg6 19. Nd4 d5 20. Nc6 Qc7 21. Nxe7+
Qxe7 22. exd5 Qc5 23. Ne4 Bxe4 24. Bxe4 Nxe4 25. Rxe4 Nxd5 26. Qd4 Qxd4 27.
Rxd4 Nc3 28. Kf1 Rfd8 29. Be3 f6 30. a4 bxa4 31. bxa4 Rac8 32. Ra3 Rxd4 33.
Bxd4 Nd5 34. a5 Rc4 35. Ba7 Rb4 36. Ke2 Kf7 37. Bc5 Rb5 38. Bd4 Ke6 39. Kd3
Nb4+ 40. Kc3 Nc6 41. Bb6 h5 42. Ra1 hxg4 43. hxg4 f5 44. gxf5+ Kxf5 45. Ra4 g5
46. Bc7 Ne7 47. Kc4 Ke4 48. Ra3 Nc6 49. Re3+ Kf5 50. Rf3+ Ke6 51. Ra3 Ne5+ 52.
Kd4 Rb4+ 53. Kc5 Rb5+ 54. Kd4 Rd5+ 55. Ke4 Rc5 56. Bxe5 Rxe5+ 57. Kf3 Kf5 58.
Ra4 Rb5 59. Ra3 g4+ 60. Kg3 Kg5 61. f3 gxf3 62. Kxf3 Kf5 63. Ke3 Ke5 64. Kd3
Kd5 65. Kc3 Kc6 66. Ra1 Rh5 67. Rg1 Kb5 68. Kb3 Kxa5 69. Rg3 Kb5 70. Ka3 a5 71.
Kb3 a4+ 72. Ka3 Ka5 73. Rf3 Rb5 74. Rh3 Rb3+ 75. Rxb3 axb3 76. Kxb3 1/2-1/2

[Event "Elit(Rockaden,Sthlm-Farsta SK)"]
[Site "?"]
[Date "2019.03.09"]
[Round "6"]
[White "Hedman, Erik"]
[Black "Livner, Anders"]
[Result "1/2-1/2"]
[WhiteElo "2378"]
[BlackElo "2341"]
[PlyCount "98"]
1. d4 d5 2. c4 c6 3. Nf3 Nf6 4. Nc3 dxc4 5. e4 b5 6. Be2 b4 7. Na4 Nxe4 8. Bxc4
e6 9. O-O Qc7 10. Re1 Nf6 11. Ne5 Nd5 12. Qf3 Bd6 13. Nc5 O-O 14. Bd2 Nd7 15.
Nexd7 Bxd7 16. Bxd5 cxd5 17. Bxb4 a5 18. Nxd7 Qxd7 19. Bxd6 Qxd6 20. Rac1 Qb4
21. Qc3 Rfb8 22. Re2 Qxc3 23. Rxc3 Rb4 24. Rd2 g6 25. a3 Rb7 26. b3 Kg7 27. Kf1
g5 28. Ke2 Kf6 29. Kd3 h5 30. Rb2 h4 31. Rc5 Kf5 32. Kc3 h3 33. gxh3 Rh8 34. b4
Rxh3+ 35. Kc2 axb4 36. axb4 Ke4 37. b5 Kxd4 38. Rc6 Ra3 39. b6 Ra5 40. Rb4+ Ke5
41. Kb3 Ra6 42. Kc3 g4 43. Kd3 Ra3+ 44. Kd2 Ra2+ 45. Kd3 Ra6 46. Ke3 Ra3+ 47.
Kd2 Ra2+ 48. Kd3 Ra6 49. Kc3 Ra3+ 1/2-1/2

[Event "Elit(Stockholms SS-Vasteras)"]
[Site "?"]
[Date "2019.03.09"]
[Round "6"]
[White "Bergstrom, Peter"]
[Black "Arman, Deniz"]
[Result "0-1"]
[WhiteElo "2286"]
[BlackElo "2346"]
[PlyCount "84"]
1. e4 d5 2. exd5 Qxd5 3. Nc3 Qd6 4. Bc4 Nf6 5. d3 a6 6. Nge2 b5 7. Bb3 Bb7 8.
f3 c5 9. a4 b4 10. Ne4 Nxe4 11. fxe4 e6 12. Bf4 Qd8 13. Qd2 Nc6 14. Qe3 Be7 15.
c3 O-O 16. O-O Rc8 17. Rf3 Na5 18. Bc2 f5 19. Raf1 b3 20. Bb1 fxe4 21. dxe4 Nc4
22. Qc1 Qd7 23. Rg3 Bf6 24. e5 Bxe5 25. Bxe5 Rxf1+ 26. Qxf1 Nxe5 27. h3 g6 28.
Kh2 Qd2 29. Qf6 Qxe2 30. Qxe6+ Kf8 31. Qd6+ Kf7 32. Bd3 Nxd3 33. Qd7+ Qe7 34.
Qxd3 Rd8 35. Qc4+ Kg7 36. Qxb3 Qc7 37. c4 Rd4 38. Kg1 Qc6 39. Qe3 Qd6 40. b3
Be4 41. Rg4 Rd1+ 42. Kf2 Bf5 0-1

[Event "Elit(Rockaden,Sthlm-Farsta SK)"]
[Site "?"]
[Date "2019.03.09"]
[Round "6"]
[White "Lundin, Jan"]
[Black "Karlsson, Lars"]
[Result "1-0"]
[WhiteElo "2301"]
[BlackElo "2457"]
[PlyCount "107"]
1. e4 c5 2. Nf3 Nc6 3. d4 cxd4 4. Nxd4 Nf6 5. Nc3 e5 6. Ndb5 h6 7. a4 d6 8. Nd5
Nxd5 9. exd5 Nb8 10. Be2 Be7 11. O-O O-O 12. f4 Nd7 13. f5 Nf6 14. Be3 a6 15.
Na3 Qa5 16. c4 Qd8 17. Nc2 a5 18. Na3 Bd7 19. Qb3 Ne4 20. Bd3 Nc5 21. Bxc5 dxc5
22. Be4 Ra6 23. Nc2 Bg5 24. Qc3 h5 25. b3 Rf6 26. Rf3 Rh6 27. Rd1 Qc7 28. Rfd3
Re8 29. Qe1 b6 30. h4 Bf6 31. d6 Qd8 32. g3 g5 33. fxg6 fxg6 34. Ne3 g5 35. Nd5
Bg4 36. Nxf6+ Rxf6 37. hxg5 Rff8 38. Qe3 Bxd1 39. Rxd1 Qd7 40. Rd2 Kg7 41. Kg2
h4 42. Qe2 Rh8 43. g4 Rhf8 44. Bf5 Rxf5 45. gxf5 Qxf5 46. d7 Qxg5+ 47. Kh1 Rd8
48. Rd1 Qf5 49. Qg2+ Kh7 50. Rf1 Qg6 51. Qd5 Qg5 52. Qf7+ Kh8 53. Rg1 Qh6 54.
Qe8+ 1-0

[Event "Elit(Stockholms SS-Vasteras)"]
[Site "?"]
[Date "2019.03.09"]
[Round "6"]
[White "Olund, Joar"]
[Black "Norberg, Johan"]
[Result "1/2-1/2"]
[WhiteElo "2353"]
[BlackElo "2297"]
[PlyCount "126"]
1. b3 e5 2. Bb2 Nc6 3. e3 Nf6 4. Nf3 e4 5. Nd4 d5 6. Be2 Bc5 7. Nxc6 bxc6 8. d4
Be7 9. c4 O-O 10. O-O Be6 11. Ba3 Bxa3 12. Nxa3 a5 13. Nb1 Nd7 14. cxd5 cxd5
15. Nc3 Qg5 16. Kh1 Nb6 17. Rc1 c6 18. Qd2 Qe7 19. Rc2 Bd7 20. a4 Rfb8 21. Rb1
Be8 22. Qe1 Nd7 23. Na2 Nf8 24. Rc5 Qd8 25. Bg4 g6 26. Bh3 f5 27. Rcc1 Ne6 28.
g3 Qd6 29. Qc3 h5 30. Bg2 h4 31. gxh4 Rb7 32. Bh3 Rh7 33. Rg1 Rxh4 34. Rg3 Ra7
35. Bxf5 Rah7 36. h3 Kh8 37. Rbg1 Bf7 38. Bg4 Rxg4 39. Rxg4 Rxh3+ 40. Kg2 Qh2+
41. Kf1 Rf3 42. R1g2 Qh3 43. Qxa5 c5 44. Nc3 cxd4 45. Nxd5 Rf5 46. Ke1 Kg7 47.
exd4 Rxd5 48. Qxd5 Qc3+ 49. Kd1 Qd3+ 50. Kc1 Nxd4 51. Qe5+ Kf8 52. Qb8+ Kg7 53.
Rxg6+ Bxg6 54. Qc7+ Kh6 55. Qh2+ Kg7 56. Qc7+ Kh6 57. Qf4+ Kg7 58. Qe5+ Kf7 59.
Qc7+ Ke6 60. Qc8+ Ke7 61. Qc7+ Ke8 62. Qc8+ Ke7 63. Qc7+ Ke8 1/2-1/2

[Event "Elit(Rockaden,Sthlm-Farsta SK)"]
[Site "?"]
[Date "2019.03.09"]
[Round "6"]
[White "Barkhagen, Jonas"]
[Black "Hjelm, Niclas"]
[Result "1-0"]
[WhiteElo "2429"]
[BlackElo "2325"]
[PlyCount "105"]
1. d4 d5 2. c4 c6 3. Nc3 Nf6 4. cxd5 cxd5 5. Bf4 Nc6 6. e3 a6 7. Bd3 Bg4 8.
Nge2 e6 9. O-O Bd6 10. Qb3 O-O 11. Bxd6 Qxd6 12. Ng3 e5 13. dxe5 Nxe5 14. Be2
Be6 15. Rfd1 Rfd8 16. Qa4 Rac8 17. Qf4 Nc4 18. Qxd6 Rxd6 19. Bxc4 Rxc4 20. Rd2
Kf8 21. Rad1 Ke7 22. e4 Rd8 23. exd5 Bd7 24. f3 b5 25. Kf2 b4 26. Re1+ Be6 27.
d6+ Kf8 28. Nce4 Nxe4+ 29. Nxe4 Rc6 30. b3 Bf5 31. Ng3 Be6 32. Rd4 Rdxd6 33.
Rxb4 Rd2+ 34. Re2 Rxe2+ 35. Nxe2 Rc2 36. a3 Rb2 37. Ke3 Rxb3+ 38. Rxb3 Bxb3 39.
Kd4 Ke7 40. Kc5 Kf6 41. Nd4 Bd1 42. f4 g5 43. g3 gxf4 44. gxf4 Kg6 45. Kd6 a5
46. Ke7 a4 47. f5+ Kg7 48. f6+ Kg6 49. Nc6 Bb3 50. Ne5+ Kf5 51. Nxf7 Kg4 52.
Nd8 Kh3 53. Ne6 1-0

[Event "Elit(Stockholms SS-Vasteras)"]
[Site "?"]
[Date "2019.03.09"]
[Round "6"]
[White "Jonsson, Mikael"]
[Black "Cederstam Barsk, Carl"]
[Result "1/2-1/2"]
[WhiteElo "2251"]
[BlackElo "2324"]
[PlyCount "171"]
1. d4 d5 2. c4 e6 3. Nf3 Nf6 4. Bg5 Nbd7 5. cxd5 exd5 6. e3 Be7 7. Bd3 c6 8.
Qc2 h6 9. Bh4 Nh5 10. Bxe7 Qxe7 11. O-O O-O 12. Nbd2 Nhf6 13. a3 Nb6 14. Ne5
Bd7 15. b4 Nc8 16. Nb3 Nd6 17. f3 Be6 18. Rfe1 Rfd8 19. Na5 Nd7 20. Rac1 Rac8
21. Qb1 Nxe5 22. dxe5 Nc4 23. Bxc4 dxc4 24. f4 b5 25. Rcd1 Rd5 26. e4 Rxd1 27.
Rxd1 Qc7 28. f5 Bd7 29. Qb2 Qb6+ 30. Qd4 Bxf5 31. exf5 Rd8 32. Nxc6 Rxd4 33.
Nxd4 Qd8 34. Kf1 Qd5 35. e6 fxe6 36. fxe6 c3 37. Re1 Kf8 38. e7+ Ke8 39. Ne6
Qc4+ 40. Re2 Kxe7 41. Nd4+ Kd7 42. Nc2 Qf4+ 43. Kg1 Qc1+ 44. Kf2 Kd6 45. Kf3
Kd5 46. Ne3+ Kd4 47. Re1 Qxe1 48. Nc2+ Kd3 49. Nxe1+ Kd2 50. Ke4 c2 51. Nxc2
Kxc2 52. Kf5 Kb3 53. Kg6 Kxa3 54. g4 Kxb4 55. Kxg7 a5 56. Kxh6 a4 57. g5 a3 58.
g6 a2 59. g7 a1=Q 60. g8=Q Qf6+ 61. Qg6 Qf4+ 62. Kg7 Qc7+ 63. Kg8 Qxh2 64. Qe4+
Kc5 65. Qe3+ Kc6 66. Qe4+ Kb6 67. Qe3+ Ka6 68. Qa3+ Kb7 69. Qf3+ Kc7 70. Qf7+
Kd6 71. Qf6+ Kd5 72. Qf7+ Kc5 73. Qa7+ Kc4 74. Qf7+ Kb4 75. Qe7+ Kb3 76. Qe3+
Ka2 77. Qe6+ Kb2 78. Qf6+ Kb3 79. Qf7+ Kc3 80. Qf6+ Kc4 81. Qf7+ Kb4 82. Qe7+
Kb3 83. Qe6+ Ka3 84. Qe3+ Ka4 85. Qa7+ Kb4 86. Qe7+ 1/2-1/2

[Event "Elit(Rockaden,Sthlm-Farsta SK)"]
[Site "?"]
[Date "2019.03.09"]
[Round "6"]
[White "Hedin, Gunnar"]
[Black "Engqvist, Thomas"]
[Result "1/2-1/2"]
[WhiteElo "2187"]
[BlackElo "2324"]
[PlyCount "99"]
1. f4 d5 2. Nf3 c5 3. g3 g6 4. Bg2 Bg7 5. O-O Nc6 6. c3 Qb6 7. Qb3 c4+ 8. Qxb6
axb6 9. Na3 Ra5 10. d3 b5 11. Nc2 Nf6 12. h3 h5 13. Be3 O-O 14. Kh2 Bf5 15.
Rfd1 Rfa8 16. a3 Bd7 17. Bb6 R5a6 18. Bf2 Be8 19. Rab1 e6 20. Ncd4 Ra5 21. Re1
Rc8 22. Rbd1 Nb8 23. Ne5 Na6 24. Nc2 Nc5 25. Bxc5 Rxc5 26. Nb4 Bh6 27. h4 Rc7
28. Nc2 Ra8 29. Nd4 Bf8 30. e4 Bc6 31. exd5 exd5 32. Nc2 Bc5 33. d4 Bd6 34. Ne3
Re8 35. Kg1 Rce7 36. Kf1 Kg7 37. Bf3 Bc7 38. Kf2 Kf8 39. Re2 Rd8 40. Rde1 Ree8
41. Nc2 Bd6 42. Ne3 Kg7 43. Bg2 Bb8 44. Bf3 Ng8 45. Nc2 Bd6 46. Kf1 Nf6 47. Ne3
Bc7 48. Nc2 Bd6 49. Ne3 Bc7 50. Nc2 1/2-1/2

[Event "Elit(Rockaden,Sthlm-Farsta SK)"]
[Site "?"]
[Date "2019.03.09"]
[Round "6"]
[White "Kenneskog, Theodor"]
[Black "Jaderberg, Bjorn"]
[Result "1-0"]
[WhiteElo "2330"]
[BlackElo "2135"]
[PlyCount "75"]
1. d4 e6 2. c4 f5 3. Nc3 Nf6 4. e3 Bb4 5. Bd2 b6 6. Bd3 Bb7 7. f3 a5 8. Nge2
O-O 9. Qc2 d5 10. a3 Bd6 11. Nb5 Nbd7 12. O-O Qe7 13. cxd5 e5 14. Bxf5 Bxd5 15.
Nec3 Be6 16. Rac1 Kh8 17. Nxd6 cxd6 18. Bd3 Rac8 19. Qb1 Bb3 20. Nb5 d5 21.
Rxc8 Rxc8 22. Rc1 Qf8 23. Na7 Rxc1+ 24. Qxc1 e4 25. fxe4 Nxe4 26. Be1 Ndf6 27.
Qc8 Qg8 28. Qxg8+ Kxg8 29. Nc8 Ng4 30. Bxe4 dxe4 31. Bd2 b5 32. Nd6 Bc2 33. h3
Nf6 34. Bxa5 Bd3 35. Kf2 Kf8 36. Bb4 Nd5 37. Nxe4+ Nxb4 38. Nc5 1-0

[Event "Elit(Wasa-Rockaden,Umea)"]
[Site "?"]
[Date "2019.03.09"]
[Round "6"]
[White "Lindgren, Fredrik"]
[Black "Grigorov, Grigor"]
[Result "1/2-1/2"]
[WhiteElo "2275"]
[BlackElo "2502"]
[PlyCount "80"]
[EventDate "2019.??.??"]
[SourceDate "2019.03.13"]
1. d4 Nf6 2. Nf3 e6 3. c4 d5 4. g3 dxc4 5. Qa4+ Nbd7 6. Bg2 a6 7. Qxc4 b5 8.
Qc6 Rb8 9. O-O Bb7 10. Qc2 c5 11. Bg5 Rc8 12. dxc5 Bxc5 13. Qd2 Qb6 14. Bxf6
Nxf6 15. e3 O-O 16. Qe2 Nd5 17. Nbd2 Rfd8 18. Nb3 Be7 19. Rac1 Bf6 20. Rfd1 Nb4
21. Rxc8 Rxc8 22. a3 Nc6 23. Rc1 Ne7 24. Qd2 Rd8 25. Qc2 g6 26. Nfd4 Bxg2 27.
Kxg2 Rc8 28. Qd2 Rc4 29. Kg1 Qc7 30. Rxc4 Qxc4 31. Na5 Qd5 32. Qc3 Kg7 33. Nab3
e5 34. Nc2 Nf5 35. Nb4 Qd1+ 36. Kg2 e4 37. Qc2 Qxc2 38. Nxc2 Bxb2 39. Nc5 a5
40. Nxe4 Be5 1/2-1/2

[Event "Elit(Wasa-Rockaden,Umea)"]
[Site "?"]
[Date "2019.03.09"]
[Round "6"]
[White "Sagit, Rauan"]
[Black "Eriksson, Jorgen"]
[Result "1/2-1/2"]
[WhiteElo "2435"]
[BlackElo "2206"]
[PlyCount "129"]
[EventDate "2019.??.??"]
1. Nf3 Nf6 2. g3 g6 3. Bg2 Bg7 4. O-O O-O 5. c4 d6 6. Nc3 Nc6 7. d3 Bd7 8. Rb1
Nh5 9. Bd2 Qc8 10. Nd5 e6 11. Nc3 f5 12. Qc1 Ne5 13. Bh6 Bxh6 14. Qxh6 Nf7 15.
Qd2 a5 16. b3 Bc6 17. d4 Nf6 18. d5 Bd7 19. dxe6 Bxe6 20. Nd4 c6 21. Na4 Qe8
22. Qb2 Ne4 23. Rbd1 Nc5 24. Nc3 Qe7 25. Qc2 Rae8 26. Qd2 Bd7 27. Nc2 Qf6 28.
Qd4 Qxd4 29. Rxd4 Re7 30. h4 Kg7 31. Rb1 Ra8 32. Rdd1 Bc8 33. Nd4 Bd7 34. a3
Be6 35. Rdc1 Bd7 36. b4 Ne6 37. Nf3 axb4 38. axb4 Ne5 39. Nxe5 dxe5 40. Ra1
Rxa1 41. Rxa1 Be8 42. Ra8 Bf7 43. Ra7 e4 44. e3 Kf6 45. Bh3 h5 46. c5 Nd8 47.
Ra8 Ne6 48. Ra7 Nd8 49. Ra1 Bc4 50. Rd1 Nf7 51. Bf1 Bxf1 52. Kxf1 Ke6 53. Ne2
Kf6 54. Nf4 b5 55. Ra1 Rd7 56. Ne2 Rd2 57. Nd4 Ne5 58. Nxc6 Nxc6 59. Ra6 Rb2
60. Rxc6+ Kg7 61. Rb6 Rxb4 62. Ke1 Rb3 63. Rb7+ Kh6 64. Kd1 b4 65. c6 1/2-1/2

[Event "Elit(Wasa-Rockaden,Umea)"]
[Site "?"]
[Date "2019.03.09"]
[Round "6"]
[White "Malmstig, Erik"]
[Black "Suarez Garcia, Carlos"]
[Result "1-0"]
[WhiteElo "2301"]
[BlackElo "2424"]
[PlyCount "105"]
[EventDate "2019.??.??"]
1. d4 d6 2. c4 e5 3. Nc3 exd4 4. Qxd4 Nc6 5. Qd1 Be6 6. e4 Nf6 7. Nf3 g6 8. Be2
Bg7 9. O-O O-O 10. h3 Re8 11. Re1 h6 12. Be3 Nd7 13. Qd2 Kh7 14. Rad1 Nc5 15.
e5 Nxe5 16. Nxe5 Bxe5 17. Bxh6 Qf6 18. Bf1 Rh8 19. Bg5 Qg7 20. Rxe5 dxe5 21.
Qe3 f6 22. Qxc5 fxg5 23. Ne4 Rhe8 24. Qe3 Re7 25. Qxg5 Rf8 26. Rd8 Rxd8 27.
Nf6+ Qxf6 28. Qxf6 Rdd7 29. Bd3 Bf7 30. Be4 c6 31. h4 Kg8 32. Bxg6 Bxg6 33.
Qxg6+ Kh8 34. Qh6+ Kg8 35. f3 Rd1+ 36. Kh2 Rd4 37. h5 Rh4+ 38. Kg1 Rf4 39. Qg6+
Kh8 40. b3 Rff7 41. Qd6 a6 42. Kh2 Kh7 43. Qg6+ Kh8 44. Kg1 Rf4 45. Kf2 Rff7
46. Ke3 Rg7 47. Qf6 Kh7 48. Qf5+ Kh8 49. g4 Rgf7 50. Qc8+ Kg7 51. g5 Rf4 52.
Qb8 Rf5 53. h6+ 1-0

[Event "Elit(Wasa-Rockaden,Umea)"]
[Site "?"]
[Date "2019.03.09"]
[Round "6"]
[White "Cramling, Pia"]
[Black "Larsson, Johan"]
[Result "1/2-1/2"]
[WhiteElo "2462"]
[BlackElo "2197"]
[PlyCount "159"]
[EventDate "2019.??.??"]
1. Nf3 d5 2. d4 e6 3. g3 c5 4. c4 Nc6 5. cxd5 exd5 6. Bg2 Nf6 7. O-O Be7 8.
dxc5 Bxc5 9. Qc2 Bb6 10. Nc3 h6 11. Na4 O-O 12. Nxb6 Qxb6 13. Be3 Qa6 14. Bc5
Re8 15. e3 Bg4 16. h3 Bxf3 17. Bxf3 Ne5 18. Qd1 Ne4 19. Bd4 Nxf3+ 20. Qxf3 Qe6
21. Qg4 Qxg4 22. hxg4 b6 23. Rfc1 Rac8 24. Kf1 f6 25. Ke2 Kf7 26. b3 Nd6 27. a4
Rxc1 28. Rxc1 Rc8 29. Rxc8 Nxc8 30. Kd3 Ke6 31. e4 Nd6 32. exd5+ Kxd5 33. a5
Nc8 34. axb6 axb6 35. Bb2 Ne7 36. Ba3 Nc6 37. Bf8 g6 38. f3 Nd4 39. Bg7 Nxf3
40. Bxf6 Nh2 41. g5 h5 42. Bd8 b5 43. Kc3 Nf1 44. Bc7 Ne3 45. Kd3 Nf5 46. Kc3
Nd4 47. Kb4 Ne6 48. Bb6 Kc6 49. Be3 Nc7 50. Ka5 Nd5 51. Bd2 Kc5 52. Be1 Nc7 53.
Bf2+ Kc6 54. Be3 Ne6 55. Kb4 Nc7 56. Ka5 Nd5 57. Bd2 Nb6 58. Bc3 Nd7 59. Bd4
Nc5 60. Bxc5 Kxc5 61. Ka6 Kb4 62. Kb6 Kxb3 63. Kxb5 Kc3 64. Kc5 Kd3 65. Kd5 Ke3
66. Ke5 Kf3 67. Kf6 Kxg3 68. Kxg6 h4 69. Kf5 h3 70. g6 h2 71. g7 h1=Q 72. g8=Q+
Kf2 73. Qa2+ Ke3 74. Qb3+ Kf2 75. Qc2+ Ke3 76. Qc3+ Kf2 77. Qd2+ Kg3 78. Qf4+
Kg2 79. Qe4+ Kh2 80. Qxh1+ 1/2-1/2

[Event "Elit(Wasa-Rockaden,Umea)"]
[Site "?"]
[Date "2019.03.09"]
[Round "6"]
[White "Nygren, David"]
[Black "Bellon Lopez, Juan"]
[Result "1-0"]
[WhiteElo "2273"]
[BlackElo "2332"]
[PlyCount "93"]
[EventDate "2019.??.??"]
1. e4 c5 2. c3 Qa5 3. Nf3 d6 4. Na3 a6 5. d4 Nf6 6. e5 Nfd7 7. exd6 cxd4 8. Nc4
Qd5 9. dxe7 Bxe7 10. Ne3 Qh5 11. g4 Qc5 12. Nxd4 O-O 13. Bg2 Ne5 14. O-O Rd8
15. Qe2 Nbc6 16. Nef5 Bxf5 17. Nxf5 Bf8 18. Bg5 Re8 19. Rfe1 h6 20. Be3 Qb5 21.
Bf1 Qd5 22. Bg2 Qb5 23. h3 Rad8 24. Qxb5 axb5 25. Bb6 Ra8 26. b3 g6 27. Nd4 b4
28. Nxc6 Nxc6 29. Rxe8 Rxe8 30. Bxc6 bxc6 31. cxb4 Bxb4 32. a4 c5 33. a5 Ra8
34. Rc1 Rb8 35. Rd1 Kg7 36. Rd8 Rb7 37. a6 Rxb6 38. a7 Ra6 39. a8=Q Rxa8 40.
Rxa8 Kf6 41. Re8 Kg5 42. Kg2 f5 43. Kg3 Bd2 44. Rc8 Bf4+ 45. Kf3 fxg4+ 46. hxg4
Bd6 47. Rc6 1-0

[Event "Elit(Wasa-Rockaden,Umea)"]
[Site "?"]
[Date "2019.03.09"]
[Round "6"]
[White "Isaksson, Henrik"]
[Black "Lindberg, Bo"]
[Result "0-1"]
[WhiteElo "2083"]
[BlackElo "2388"]
[PlyCount "124"]
1. d4 Nf6 2. c4 e6 3. Nc3 Bb4 4. Qc2 O-O 5. a3 Bxc3+ 6. Qxc3 d6 7. Nf3 Nbd7 8.
g3 b6 9. Bg2 Bb7 10. O-O Qe7 11. b4 c5 12. Bb2 Rac8 13. dxc5 bxc5 14. b5 d5 15.
e3 Nb6 16. cxd5 Na4 17. Qc2 Nxb2 18. Qxb2 Bxd5 19. Ne5 Bxg2 20. Kxg2 Qb7+ 21.
Kg1 c4 22. Rac1 Ne4 23. f3 c3 24. Qb4 Nd2 25. Rf2 Qd5 26. Rxc3 Qxe5 27. Rxc8
Rxc8 28. Qxd2 Qxb5 29. Qb4 Qd5 30. e4 a5 31. Qb2 Qc5 32. Kg2 h6 33. Rd2 Qe3 34.
Re2 Qd3 35. Rd2 Qe3 36. Re2 Qc3 37. Qb7 Rd8 38. a4 g6 39. Qb5 Rd3 40. Qb8+ Kg7
41. Rf2 Rd1 42. Qb5 Ra1 43. g4 Ra3 44. Qb2 Qxb2 45. Rxb2 Rxa4 46. Rb5 g5 47.
Kg3 Ra3 48. Rc5 Kf6 49. e5+ Kg6 50. h3 h5 51. gxh5+ Kxh5 52. Rc7 Kg6 53. Ra7 a4
54. h4 gxh4+ 55. Kxh4 Rxf3 56. Rxa4 Kf5 57. Ra5 Ke4 58. Kg4 Rf5 59. Rb5 Rxe5
60. Rb7 Rf5 61. Rb4+ Ke5 62. Rb5+ Kf6 0-1